| 000 | 01532nam0a22003611 4500 | ||
|---|---|---|---|
| 001 | RU\NLR\A1SV\130702 | ||
| 005 | 20260406094713.0 | ||
| 035 | _a(NLR Aleph) 010521467 | ||
| 090 |
_a10215677 _c10215677 |
||
| 100 | _a20080402d1920 u y0rusy50 ca | ||
| 101 | 1 |
_arus _cfre |
|
| 102 | _aRU | ||
| 200 | 1 |
_aСказка о сорочке _fАнатоль Франс. Anatole France, род. 1844 _gПер. З.Журавской _gПод ред. и с предисл. З.Венгеровой |
|
| 210 |
_aПб. _cВсемир. лит. при Гос. изд-ве _d1920 |
||
| 215 |
_a105, [2] с. _d16 см |
||
| 225 |
_aВсемир. лит. _e[Франция] _vВып. № 39 |
||
| 320 | _aБиблиогр.: с.[1] | ||
| 451 | 1 | _1001RU\NLR\A1SV\130703 | |
| 451 | 1 |
_1001RU\NLR\A1SV\130704 _910215686 _aФранс, А. (1844-1924) _c[М.] _d[1925] _fАнатоль Франс _nТиполит. "Печатник" изд. ГИЖ _p106 с. _tСказка о сорочке |
|
| 620 | _dСанкт-Петербург | ||
| 700 | 1 |
_aФранс _bА. _f1844-1924 _gАнатоль |
|
| 702 | 1 |
_8rus _7ca _aВенгерова _bЗ. А. _f1867-1941 _gЗинаида Афанасьевна _3RU\NLR\AUTH\7769746 _952674 |
|
| 702 | 1 |
_aЖуравская _bЗ.Н. _f1867-1937 _gЗинаида Николаевна |
|
| 801 | 0 |
_aRU _bNLR _c20080402 |
|
| 899 |
_aРНБ _j92/3575 |
||
| 899 | _aСамОУНБ | ||
| 899 | _aРГБ | ||
| 899 | _aОренбургОУНБ | ||
| 942 | _cBOOK | ||
| 980 | _aNB | ||
| 980 | _aA1SV | ||
| 980 | _aA1SV | ||